music trivia: music studio geography - Statistics

General Stats
  • This quiz has been taken 8 times
  • The average score is 6 of 15
Answer Stats
Hint Answer % Correct
Capitol Studios in this city, means Frank Sinatra, Nat King Cole, Dean Martin and Barbra Streisand to some, but Green Day, Weezer, Ray Charles and Queen Latifah have recorded there as well. Los Angeles
83%
Many will associate this city's Electric Lady Studios with Jimi Hendrix, but Houses of the Holy, Grafitti Bridge, Pinkerton and Back in Black were all worked on there too. New York, NY
83%
Which city is the home of Abbey Road Studios-home to; Dark Side of the Moon, OK Computer and Revolver? London
67%
Lee "Scratch" Perry's Black Ark Studios hosted The Clash, Bob Marley & The Wailers, and Paul McCartney & Wings in this city. Kingston, Jamaica
50%
The Marvelettes, The Supremes, The Jackson 5, and Stevie Wonder all took turns at this city's Hitsville U.S.A. Studios Detroit
33%
Pet Sounds, Exile on Main Street, Purple Rain, and Chinese Democracy were all recorded in this city's Sunset Sound Recorders. Los Angeles
33%
Famous as the studio at which Elvis Presley first recorded, but B.B.King, Ringo Starr, U2, Howlin' Wolf and Jerry Lee Lewis all recorded in this city's Sun Studio also. Memphis, Tennessee
33%
Dolly Parton, Miranda Lambert, Willie Nelson, The Oak Ridge Boys and Keith Urban have all recorded at this city's RCA Studios A and B. Nashville
33%
Cosimo Matassa, proprietor and engineer of J & M Studios in this city, worked with Fats Domino, Professor Longhair, Little Richard and many others. New Orleans
33%
Created in 1978 at a deserted theater, Polar Studios has recorded; Abba, Led Zeppelin, Genesis, Rammstein, The Hellacopters, Backstreet Boys, Joan Armatrading and Roxette among others, in this city. Stockholm
33%
Muddy Waters, The Rolling Stones, Little Walter, Fleetwood Mac and Etta James are just a few of the artists associated with Chess Records' Studio in what city? Chicago
17%
Queen's A Night at the Opera, James Taylor's self-titled debut album, and Transformer by Lou Reed, were all made at Trident Studios in this city. London
17%
The Stax studio on E. McLemore Ave. was the recording home of Otis Redding, Carla Thomas, Booker T and the M.G.s, and Sam & Dave. Its distinctive properties were the result of having been designed as a movie theater, whith a sloped floor. What city was home to this important studio? Memphis, Tennessee
17%
What city is the recording studio home of Bob Seger's "Night Moves", Bob Dylan's "Gotta Serve Somebody", "Brown Sugar" by the Rolling Stones, The Black Keys' Brothers, and "Kodachrome" by Paul Simon? Muscle Shoals, Alabama
17%
Hits from the all-star roster of artists from the FAME Studios; Joe Tex, Duane Allman, The Osmonds, Boz Scaggs, Bobby Blue Bland, helped put this city on the musical map. Muscle Shoals or Florence, Alabama
17%
No matching quizzes found
Score Distribution
Percent of People with Each Score
Percentile by Number Answered
Your Score History
You have not taken this quiz